000 00701nam a22002657a 4500
001 0004045
003 KOHA_MİRAKIL
005 20260207001357.0
007 ta
008 090420b2001 tu |||gr||||#||||0|tur |
020 _a9756877316
040 _aTR-BiSEU
_btur
_cTR-BiSEU
_erda
041 0 _atur
044 _ctu
050 _aJC423
_b.Y39 2001
100 1 _aYayla, Atilla.
245 1 _aDemokrasiyi koruma klavuzu/
_cAtilla Yayla ; Atilla Yayla.
264 1 _aAnkara :
_bLiberte,2001.
_c2001
300 _aiv, 239 sayfa
336 _ametin
_btxt
_2rdacontent
337 _aaracısız
_bn
_2rdamedia
338 _acilt
_bnc
_2rdacarrier
650 0 _aDemocracy.
_98845
942 _2lcc
_cBK
999 _c4028
_d4028